000 00902cab a2200277 4500
001 ABS59794
008 090401t1998 xxu||||| |||| 00| 0 eng d
035 _a(Sirsi) u90323
041 _aeng
100 _aEade, C.
245 _aHalls of residence
260 _c1998
350 _a0
490 _aProperty Week
_v11 December 1998, 36-37(2)
520 _aDiscussion on the sales of surplus MoD buildings and the benefits for the property industry, in particular developers. Looks at the commercial and industrial potential of the sites on sale.
650 _aCOMMERCIAL DEVELOPMENT
650 _aDEFENCE PROPERTY
650 _aDUKE OF YORK`S BARRACKS
650 _aINDUSTRIAL DEVELOPMENT
650 _aMINISTRY OF DEFENCE
650 _aRATIONALISATION
650 _aSURPLUS PROPERTY
690 _aPROPERTY-COMMERCIAL PROPERTY-RETAIL PROPERTY
942 _n0
948 _c16/12/1998
999 _c57255
_d57255